00703nam a2200169 a 4500003000200000005001700002008004100019050003100060100003300091245008700124260009000211300004000301504004100341650006100382650005000443650004000493020250509154926.0970101s19uu xx 00 eng d aPHS BX 8702.Y68b.N37 2004 aNartates, Christian Aries L. aEffects of joining Youth for Christ on the members /cChrsitian Aries L. Nartates. aLas Piñas City, Philippines :bSouthville International School and Colleges,c2004. a37 pages :billustrations ;c28 cm. aIncludes bibliographical references. aYouth for Christ (Organization)zPhilippinesxInfluence. aChristian youthzPhilippinesxReligious life. aReligious lifexYouthzPhilippines.